000 00898nam a22002530 4500
001 ocm083421668x
003 PILC
005 20150905100628.0
008 010913s2001
020 _a083421668X
050 _aRT 71
_b.L917 2006
100 _aLowenstein, Arlene J.
245 1 0 _aFuszard's innovative teaching strategies in nursing /
_cArlene J. Lowenstein, Martha J. Bradshaw.
250 _a3rd edition.
260 _aBoston :
_bJones and Bartlett Publishers,
_c2006.
300 _axx, 378 pages :
_billustrations ;
_c24 cm.
500 _aIncludes bibliographical references and index.
500 _aEarlier ed. endered under: Innovative teaching strategies in nursing.
650 _aEducation, Nursing.
650 _aNursing
_xStudy and teaching.
650 _aTeaching
_xMethods.
740 0 2 _aInnovative teaching strategies in nursing.
942 _2lcc
_cBK
_kFOR
999 _c284595
_d284595